| 000 | 01042nam a22003377a 4500 | ||
|---|---|---|---|
| 003 | CHAP | ||
| 005 | 20220419111338.0 | ||
| 008 | 971013s1982 r 00010 d | ||
| 010 | _a70357 | ||
| 011 | _a71329 | ||
| 035 | _a80883 | ||
| 040 | _cCHAP | ||
| 082 |
_a540 _bC34Y 1979 |
||
| 100 | 0 | 0 |
_aCahn, R. S. _917227 |
| 245 | _aIntroducción a la nomenclatura química | ||
| 260 |
_aMadrid : _bAlhambra, _c1982 |
||
| 300 |
_a228 p. _b: ilus |
||
| 490 |
_aVeltix _v; 7 |
||
| 500 | _aTrad. de la 5 ed. en inglés de 1979 | ||
| 590 |
_aBATCH-UPD _b10 _c20130110 |
||
| 590 |
_aBATCH-UPD _b10 _c20130410 |
||
| 590 |
_aBATCH-UPD _b10 _c20130914 |
||
| 590 |
_aCONVERSION _b10 _c20130109 |
||
| 650 | 1 | 4 |
_aQuímica _xNomenclatura. _993570 |
| 700 | 0 |
_aDermir, O. C. _931938 |
|
| 830 | 0 |
_aVeltix _v; 7 _9118656 |
|
| 901 | _aBK | ||
| 942 |
_cLIBRO _2ddc |
||
| 949 |
_a540 C34Y 1979 _bBC _cLIBRO _d33724000641916 _eLIBRO _fc.2 _gI.126246 _h6553 _i80883 _si _t4.00 |
||
| 949 |
_a540 C34Y 1979 _bBC _cLIBRO _d33724002054322 _eLIBRO _gI.126245 _h6552 _i80883 _si _t4.00 |
||
| 999 |
_c70357 _d70357 |
||